00599nam a2200181Ia 4500008004100000020001800041020001500059082002100074082002400095245008900119245008700208250003400295260001400329260002300343260000900366700002100375700002100396210417s9999 xx 000 0 und d a9788184845334 b8184845332 a302.23430954 DAY b22.302.23430954 DAY 0aCinema and society : its influence and importance in different spheres of human life 0cCinema and society its influence and importance in different spheres of human life b"xvii, 287 p.; 28 cm. ; hbk." aNew Delhi bRegal Publications c2016 aDaya Nand Gautam bDaya Nand Gautam